Normal view
MARC view
- Dutta, Sohan.
Entry Personal Name
001 - CONTROL NUMBER
- control field: 60357
003 - CONTROL NUMBER IDENTIFIER
- control field: OSt
005 - DATE AND TIME OF LATEST TRANSACTION
- control field: 20240906155123.0
008 - FIXED-LENGTH DATA ELEMENTS
- fixed length control field: 240906|| aca||aabn | a|a d
040 ## - CATALOGING SOURCE
- Original cataloging agency: OSt
- Transcribing agency: OSt
100 ## - HEADING--PERSONAL NAME
- Personal name: Dutta, Sohan.
- Relator term: author.
670 ## - SOURCE DATA FOUND
- Source citation: Work cat.: (OSt): Dutta, Sohan. author., A practical digital implementation of completely decentralized ripplr minimization in parallel-connected dc-dc converter /, December 2022.
